Stories for young hearth / (Record no. 5944)

MARC details
000 -LEADER
fixed length control field 00586nam a2200193Ia 4500
008 - FIXED-LENGTH DATA ELEMENTS--GENERAL INFORMATION
fixed length control field 210628s9999 xx 000 0 und d
020 ## - INTERNATIONAL STANDARD BOOK NUMBER
ISBN 9780656685
040 ## - CATALOGING SOURCE
Original cataloging agency NLN
Language of cataloging English
Description conventions AACR2
100 ## - MAIN ENTRY--AUTHOR
Author ADENUGA, Moyinoluwa
Relator term aut
245 #0 - TITLE STATEMENT
Title Stories for young hearth /
Statement of responsibility, etc Moyinoluwa Adenuga
260 ## - PUBLICATION, DISTRIBUTION, ETC. (IMPRINT)
Place of publication Abeokuta, Tejumola Plaza, Car Wash :
Name of publisher DAJOP Publishers,
Date of publication 2005.
300 ## - COLLATION
Pagination vii, 31P. :
Other physical details ill. ; 18cm.
563 ## - BINDING INFORMATION
Binding note (pbk)
650 ## - TRACINGS
Main Subject Childrens stories Nigerian (English)
942 ## - ADDED ENTRY ELEMENTS (KOHA)
Item type Books
Suppress in OPAC No
050 ## - LIBRARY OF CONGRESS CALL NUMBER
Classification number PZ7.A232
Item number S884
082 ## - DEWEY DECIMAL CLASSIFICATION NUMBER
Classification number 823
Holdings
Withdrawn status Lost status Source of classification or shelving scheme Damaged status Not for loan Home library Current library Date acquired Total Checkouts Full call number Barcode. Date last seen Price effective from Koha item type
    Library of Congress Classification     LAGOS BRANCH National Library of Nigeria 24/02/2025   PZ7.A232 S884 2025-452396 24/02/2025 24/02/2025 Books
    Library of Congress Classification     ABUJA LIBRARY BRANCH National Library of Nigeria 24/02/2025   PZ7.A232 S884 2025-452397 24/02/2025 24/02/2025 Books

National Library of Nigeria OPAC is powered by Koha